000 00266nam a2200109Ia 4500
008 190216s9999||||xx |||||||||||||| ||und||
100 _aBipin Chandra
245 0 _aCommunialisam In Modern India
260 _bVikas Publishing House
650 _aHistory
942 _cBK
999 _c20194
_d20194